00301nam a2200121 a 4500008004100000050001500041100002200056245002000078250001300098260002800111350000900139650003100148120416s1976 ||||||||||||||||| || u aHB 801 Gre aGreen, W. A. John10aConsumer theory arev. ed. aLondonbMacmillanc1976 a0.00 aCONSUMERS--DECISION MAKING